Abrégé de chimie analytique : Tom II. Méthodes de séparation /

Enregistré dans:
Détails bibliographiques
Auteurs principaux: Hamon, Michel (Auteur), Mahuzier, G (Auteur)
Format: Livre
Langue:français
Publié: Paris : Masson, 1986
Édition:2e édition
Collection:Chez le meme éditeur
Tags: Ajouter un tag
Pas de tags, Soyez le premier à ajouter un tag!

MARC

LEADER 00000nam a22000003a 4500
001 stu24132
005 20150617225748.4
008 961014s1986----fr------------------fre-d
020 |a 2-225-80680-2 
040 |a STU  |b slo 
041 0 |a fre 
044 |a fr 
080 |a 543.2 
100 1 |a Hamon, Michel  |4 aut 
245 1 |a Abrégé de chimie analytique :  |b Tom II. Méthodes de séparation /  |c [aut.]Mahuzier,G., Hamon,Michel 
250 |a 2e édition 
260 |a Paris :  |b Masson,  |c 1986 
300 |a 262 s :  |b Tab.,grafy,index 
700 1 |a Mahuzier, G  |4 aut 
830 0 |a Chez le meme éditeur 
996 |b C94492  |c C*94492  |l CCI  |s A  |a 24  |w stu24132_0001 
996 |b C94493  |c C*94493  |l CCI  |s A  |a 24  |w stu24132_0002